| 000 | 01315nam0a22003131 4500 | ||
|---|---|---|---|
| 001 | rc\3711154 | ||
| 005 | 20200827160619.0 | ||
| 021 |
_aRU _b72-ОЭ-212/17 |
||
| 021 |
_aRU _bРг2956-72 |
||
| 035 | _a(NLR Aleph) 007768555 | ||
| 090 |
_a7443322 _c7443322 |
||
| 100 | _a20130115d1971 |||y0rusy50 ca | ||
| 101 | 0 | _arus | |
| 102 | _aRU | ||
| 105 | _ay z ||||| | ||
| 200 | 1 |
_aСборник упражнений по историческому материализму _e(Учеб. пособие для семинарских занятий) _f[Отв. ред. к. и. н. А.М. Чемакин] _gМ-во высш. и сред. спец. образ. РСФСР. Тюменский индустр. ин-т |
|
| 210 |
_aТюмень _cБ. и. _d1971 |
||
| 215 |
_a71 с. _d20 |
||
| 300 | _aПеред загл. авт.: И.Л. Андреев, В.И. Бакштановский, Н.Д. Зотов [и др.] | ||
| 701 | 1 |
_aАндреев _bИ. Л. _cд-р филос. наук _f1939-2017 _gИгорь Леонидович _3RU\NLR\AUTH\770219981 |
|
| 701 | 1 |
_aБакштановский _bВ. И. |
|
| 701 | 1 |
_aЗотов _bН. Д. |
|
| 702 | 1 |
_aЧемакин _bА. М. _4340 |
|
| 801 | 0 |
_aRU _bNLR _gpsbo |
|
| 801 | 1 |
_aRU _bELAR _2rusmarc |
|
| 852 |
_aNLR _j72-4/3953 |
||
| 942 | _cBOOK | ||
| 980 | _aNB | ||